[Event "Hamburg FIDE GP"]
[Site "Hamburg"]
[Date "2019.11.07"]
[Round "1.1"]
[White "Nakamura, Hikaru"]
[Black "Topalov, Veselin"]
[Result "0-1"]
[WhiteElo "2741"]
[BlackElo "2736"]
[Annotator "Krasenkow,M"]
[PlyCount "132"]
[EventDate "2019.11.05"]
[EventType "k.o."]
[EventRounds "4"]
[EventCountry "GER"]
[SourceTitle "CBM 193"]
[Source "ChessBase"]
[SourceDate "2019.12.31"]
[SourceVersion "1"]
[SourceVersionDate "2019.12.31"]
[SourceQuality "1"]

{[%evp 0,132,19,31,18,18,18,-4,40,29,10,-4,11,12,10,12,10,10,24,19,26,13,16,16,
10,8,17,0,17,3,15,9,0,-24,-22,-18,-28,-40,-31,-86,-94,-95,-104,-84,-94,-103,
-74,-147,-143,-125,-137,-129,-148,-123,-153,-160,-160,-187,-83,-97,-78,-110,
-115,-118,-123,-122,-122,-124,-139,-124,-132,-130,-121,-116,-107,-107,-112,
-107,-112,-161,-81,-97,-81,-76,-91,-126,-91,-34,-63,-85,-106,-113,-115,-115,
-130,-157,-207,-256,-205,-210,-227,-220,-238,-230,-268,-268,-275,-277,-289,
-294,-245,-251,-190,-247,-257,-257,-215,-232,-244,-244,-208,-289,-191,-193,
-189,-200,-209,-238,-200,-200,-200,-336,-336,-335,-350]} 1. e4 e5 2. Nf3 Nc6 3.
Bb5 Nf6 4. d3 Bc5 5. Bxc6 dxc6 6. h3 Nd7 7. Bg5 $146 {A new move in this
well-known position. It's idea is certainly to provoke ...f7-f6, which can be
a weakening move if the centre opens up after d3-d4. Besides, Nf3-h4(-f5)
becomes possible.} (7. Be3 {was played by Hikaru Nakamura in an earlier game.
He won it but he didn't achieve any advantage after the opening:} Bd6 8. Nbd2
O-O 9. O-O Re8 10. c3 c5 11. a3 $5 a5 12. Re1 Nf8 13. d4 cxd4 14. cxd4 exd4 15.
Nxd4 Be5 16. N2f3 Bxd4 17. Bxd4 b6 $11 {1-0 (24) Nakamura,H (2764)
-Kasimdzhanov,R (2706) Baku 2014 CBM 163 [Marin,M]}) 7... f6 8. Be3 Bxe3 (8...
Bd6 {deserves attention here, too. If} 9. d4 (9. Nh4 {is not dangerous yet due
to} g6) {then} 9... O-O 10. Nbd2 Qe7 {, and Black looks OK.}) 9. fxe3 Qe7 10.
Nc3 b6 {[%mdl 32] An unusual plan: Black prepares long castling.} ({To} 10...
O-O {White could have played} 11. Nh4 {, then slowly preparing a kingside
attack.}) 11. O-O Bb7 12. Nh4 $6 (12. Rb1 {[%cal Yb2b4,Yb4b5] was more logical
here.}) 12... g6 13. Qe1 {Preventing ...f6-f5 but White's pieces are now
placed awkwardly.} O-O-O 14. a3 Kb8 15. b4 c5 16. Na4 Bc6 17. Nb2 Rhg8 18. Rd1
$6 (18. Nc4 $142 Rdf8 19. Qc3 {putting pressure on Black's e5 pawn in case of}
f5 20. Nf3) 18... Rdf8 19. c4 f5 $1 $17 {This advance marks the failure of
White's strategy.} 20. b5 Bb7 21. exf5 gxf5 22. Rd2 Qg5 {Black has a lot of
good plans here: ...Qg5-h5, ...f5-f4, ...Rg8-g3 or ...Rf8-f6-h6. White must do
something.} 23. e4 ({Examples:} 23. Na4 Rf6 24. Nb2 Rh6 25. Nf3 Qh5 {etc.}) (
23. Qf2 Qh5 24. Nf3 f4 25. e4 Rg3 $19) 23... fxe4 24. Rxf8+ (24. dxe4 Rxf1+ 25.
Kxf1 Nf6 $19) 24... Nxf8 $1 25. dxe4 {[%csl Rc4,Re4]} Ne6 26. Nf3 Qh5 27. Kh2
Nd4 28. Qe3 (28. Nxd4 exd4 $1 ({stronger than} 28... cxd4 {, after which
Black's e5 pawn is vulnerable, too, and White obtains a possibility to play
c4-c5 at some point}) 29. Nd3 Qf7 30. Rc2 Qe6 {, and White can't protect all
his weaknesses}) 28... Bc8 (28... Rg4 $1 {, winning the e4 pawn, was stronger.
If} 29. Nxd4 exd4 30. Qf3 {then} Qe5+) 29. Ne1 Qg6 30. Ned3 Re8 31. Nd1 Qg8 32.
N3b2 {White has organized a kind of defence but his position is still bad, and
he can't hold it in a long term.} Be6 33. Qd3 Rd8 34. Qc3 h5 $1 35. Rf2 h4 36.
a4 Qg6 37. Qe3 Rg8 38. Kh1 Qh5 39. a5 Kc8 $6 {An apparently solid move
preparing ...Rg8-g3 Rf2-f8+ Kc8-d7. However, it allows White to create
counterplay.} (39... Rg3 $1 {was possible at once:} 40. Rf8+ Bc8 41. Qf2 bxa5
$1 {[%cal Yd4e6,Ye6g5]} 42. Ne3 Ne6 43. Rf5 Qh6 44. Rf3 Ng5 $1 $19) 40. Qe1 (
40. Nc3 $1 {was correct, after which Black should go for an endgame by} Qg6 {
[%cal Yg6g3]} ({as} 40... Rg3 41. Rf8+ Kd7 42. Qf2 {[%cal Rf2f6,Yc3d5]
suddenly gives White excellent counterchances.})) 40... Rg3 ({Here, too,} 40...
Qg6 {[%cal Yg6g3] was better.}) 41. Qf1 Kd7 42. Nd3 (42. Na4 {[%cal Ya4c3] was
White's last chance. Black must find} Bxc4 43. Qxc4 Qxd1+ 44. Kh2 Qb3 45. Rf7+
Ke8 46. Qxb3 Rxb3 47. Rxc7 Rxb5 48. Rxa7 Rxa5 49. Rxa5 bxa5 50. Nxc5 Ne2 $1 {
with a winning knight endgame.}) 42... Ke7 43. N1b2 Rg8 {Black converts his
advantage very slowly but he can afford such play as White is completely
passive.} (43... Qg5 $142) 44. a6 Qg5 45. Qg1 c6 $5 {A possible plan: Black
clarifies the situation on the queenside.} 46. bxc6 Nxc6 47. Rf1 Qg3 48. Qf2 {
White can hardly do anything else but the endgame is completely hopeless for
him. The rest of the game is not very interesting.} Qxf2 49. Nxf2 Rd8 50. Nfd1
Rd2 51. Rf2 Rxf2 52. Nxf2 {[%mdl 4096]} Na5 53. Kh2 Nxc4 54. Na4 Kd6 55. Nc3
Kc6 56. g3 hxg3+ 57. Kxg3 b5 58. Nd3 b4 59. Na4 b3 60. h4 Bf7 61. Kg4 Bg6 62.
Nc3 b2 63. Kf3 Kd6 64. Nb5+ Kd7 65. Nxb2 Nxb2 66. Nxa7 Bh5+ (66... Bh5+ 67. Kg3
(67. Kf2 Nd1+ 68. Ke1 Nc3 $19) (67. Ke3 Nc4+ 68. Kd3 Nd6 $19) 67... Be2 68. h5
Bxh5 69. Nb5 Kc6 $19) 0-1

[Event "London Classic 10th"]
[Site "London"]
[Date "2018.12.15"]
[Round "2.1"]
[White "Caruana, Fabiano"]
[Black "Aronian, Levon"]
[Result "1/2-1/2"]
[WhiteElo "2832"]
[BlackElo "2765"]
[Annotator "Krasenkow,M"]
[PlyCount "56"]
[EventDate "2018.12.11"]
[EventType "k.o."]
[EventRounds "2"]
[EventCountry "ENG"]
[SourceTitle "CBM 188"]
[Source "ChessBase"]
[SourceDate "2018.12.21"]
[SourceVersion "1"]
[SourceVersionDate "2018.12.21"]
[SourceQuality "1"]

1. e4 e5 2. Nf3 Nc6 3. Bb5 Nf6 4. d3 Bc5 5. c3 d5 {This sharp move has
recently become popular.} 6. exd5 (6. Nxe5 {leads to a real gambit after} O-O
$1) (6. Nbd2 {Vachier Lagrave-Hou Yifan, Grenke 2017, is a quiet, not too
promising alternative, a practical choice.}) 6... Qxd5 7. Bc4 (7. Qb3 {is
harmless:} O-O 8. O-O Qd6 (8... Qxb3 9. axb3 e4 10. dxe4 Nxe4 11. Bf4 Bb6 12.
Nbd2 Nxd2 13. Nxd2 Be6 14. Nc4 Rfd8 15. Nxb6 cxb6 16. b4 a6 17. Bxc6 bxc6 18.
Bc7 Rd2 19. Bxb6 Rxb2 $11 {1/2 (23) Grischuk,A (2766)-Aronian,L (2764) Paris
2018}) 9. Nbd2 Be6 10. Qa4 Ne7 11. Ne4 Nxe4 12. Qxe4 Ng6 13. Bc4 c6 14. Bxe6
Qxe6 15. Re1 Rad8 16. Be3 Bxe3 17. Qxe3 Qd5 18. Qxa7 Qb5 $132 {1/2 (34)
Vachier Lagrave,M (2780)-Eljanov,P (2703) Batumi GEO 2018}) 7... Qd6 8. Nbd2 (
8. O-O e4 $5 9. Qe2 O-O 10. dxe4 Bg4 11. Rd1 Qe7 12. Bg5 Bxf3 13. gxf3 h6 14.
Bh4 Ne5 15. f4 Ng6 16. Bg3 Nxe4 $11 {1/2 (40) Prizant,J (2511)-Lysyj,I (2663)
Kolomna 2016}) (8. Qe2 O-O 9. Bg5 h6 (9... Bf5 10. Bxf6 Qxf6 11. Nbd2 Bd6 12.
O-O Rae8 13. Rfe1 Bd7 14. Bd5 Re7 15. a4 Nd8 16. a5 Kh8 17. Qe3 a6 18. g3 $14 {
1/2 (37) Lu,S (2629)-Yakubboev,N (2512) Hamedan 2018}) (9... Be6 10. Nbd2 Bxc4
11. Nxc4 Qe6 12. Bxf6 gxf6 13. Nfd2 b5 14. Ne3 f5 $13 {1/2 (53) Caruana,F 
(2808)-Kramnik,V (2808) Stavanger 2017}) 10. Bxf6 Qxf6 11. Nbd2 Bd6 12. O-O a6
13. Rfe1 Re8 14. Ne4 {1/2 (30) Grandelius,N (2655)-Ragger,M (2686) Batumi GEO
2018} Qg6 $11) 8... O-O 9. b4 (9. Qe2 Bf5 $1 (9... a5 10. Ng5 Qe7 (10... Bf5
11. Nde4 Nxe4 12. Nxe4 Bxe4 13. dxe4 Nd8 14. Bd2 c6 15. a4 Ne6 $11 {1/2 (81)
Topalov,V (2761)-Aronian,L (2792) Saint Louis 2016}) 11. Nde4 Bd6 12. a4 h6 13.
h4 Nd8 14. Qf3 Ng4 15. Qe2 Kh8 16. f3 Nf6 17. Nxf6 Qxf6 18. g4 $36 {1-0 (59)
Svidler,P (2745)-Inarkiev,E (2732) Novosibirsk 2016}) (9... a6 10. Ng5 Ba7 11.
Nde4 Nxe4 12. Qxe4 Qg6 13. Qxg6 hxg6 14. Be3 b5 15. Bd5 Bb7 16. Bxa7 Rxa7 17.
O-O-O Na5 18. Bxb7 Nxb7 19. Rhe1 Nd6 20. Ne4 $14 {1-0 (44) Kulaots,K (2590)
-Vicas,M (2190) Tallinn 2018}) 10. Ng5 Na5 $5 (10... Bb6 11. Nde4 Qe7 12. Nxf6+
Qxf6 13. g4 Bd7 14. h4 Na5 15. Bd5 Bc6 16. Ne4 Qd8 17. Bxc6 Nxc6 18. g5 $14 {
1-0 (39) Inarkiev,E (2684)-Lopez Martinez,J (2584) Batumi 2018}) (10... Bg4 11.
f3 Bf5 12. Nde4 Nxe4 13. fxe4 Bg6 14. h4 h6 15. h5 Bh7 16. Nxh7 Kxh7 17. Rf1
$14 {1-0 (43) Perunovic,M (2604)-Sousa,A (2380) Lisbon 2017}) 11. b4 (11. Nge4
Bxe4 12. dxe4 Nxc4 13. Nxc4 Qe6 $11) 11... Nxc4 12. Nxc4 Qd8 $1 $15 (12... Qxd3
13. Qxd3 Bxd3 14. Nb2 $16 {1-0 (33) Vachier Lagrave,M (2795)-Grischuk,A (2750)
chess.com INT 2017})) 9... Bb6 10. a4 (10. O-O Bf5 11. Qc2 (11. Qe2 $6 Nd5 $15
{1/2 (55) Smirnov,A (2464)-Melkumyan,H (2653) Canberra 2016}) 11... Rad8 12. a4
a5 13. b5 Ne7 (13... Nb8 $6 14. Ba3 Bc5 15. Bxc5 Qxc5 16. Rfe1 Nbd7 17. Nh4 Bg4
18. h3 Bh5 19. Nb3 $16 {1/2 (42) Caruana,F (2799)-Grischuk,A (2782) Saint
Louis 2017}) 14. Qa2 (14. Qb3 Ng6 15. Ba3 Bc5 16. Bxc5 Qxc5 17. d4 Qd6 18. Rfe1
Rde8 $11 {1-0 (44) Caruana,F (2799)-Grischuk,A (2782) Saint Louis 2017}) 14...
Ng6 15. Ba3 Bc5 16. Bxc5 Qxc5 17. d4 Qd6 18. Rfe1 exd4 19. cxd4 Nf4 20. Rac1
N6d5 $11 {0-1 (53) Caruana,F (2799)-Grischuk,A (2782) Saint Louis USA 2017})
10... a5 $5 (10... e4 {(this pawn sacrifice, in order to activate his c6
knight, is Black's key idea)} 11. Nxe4 $5 (11. dxe4 Ne5 12. Qe2 a5 13. O-O Bg4
14. bxa5 Rxa5 15. Ba3 Bc5 $44 {1/2 (31) Caruana,F (2807)-Karjakin,S (2773)
Saint Louis 2017}) 11... Nxe4 12. dxe4 Qf6 (12... Qxd1+ 13. Kxd1 Bxf2 $4 14.
Rf1 Bb6 15. a5) 13. Qc2 a5 14. b5 Ne5 15. Nxe5 Qxe5 16. O-O $14 {- this is a
more favorable position for White than it happened in the game.}) (10... Bf5 $5
{was played by Levon in the later rapid game but without success:} 11. Ba3 e4
12. dxe4 Nxe4 13. Nxe4 Bxe4 14. Qxd6 cxd6 15. O-O-O Rac8 16. Bd5 Bxd5 17. Rxd5
Ne5 18. Nxe5 dxe5 19. Kb2 Bxf2 20. Rxe5 Bh4 21. Rd1 $14 {1-0 (53) Caruana,F 
(2832)-Aronian,L (2765) London ENG 2018}) 11. b5 e4 $5 {[%mdl 512] A tricky
order of moves.} 12. Ba3 (12. Nxe4 Nxe4 13. dxe4 {is now satisfactory for
Black in view of} Qc5 $1 14. Qe2 Be6 $1 15. Nd2 Bxc4 16. Nxc4 Ne5 $1 17. Nxb6
Qxc3+ 18. Qd2 Qxa1 19. Nxa8 Rxa8 20. O-O Qxa4 $13) (12. dxe4 Ne5 13. Ba3 Bc5 {
- see game}) 12... Bc5 13. dxe4 (13. Bxc5 Qxc5 14. dxe4 Nxe4 $5 15. Bxf7+ $1
Rxf7 16. Nxe4 Re7 17. Qe2 Qd5 18. Nfg5 $5 Bf5 19. f3 Ne5 $44) 13... Ne5 (13...
Bxa3 14. bxc6 Bb2 15. Ra2 Bxc3 {looks simpler; Black is not worse in that case.
}) 14. Nxe5 (14. Bxc5 $5 Qxc5 15. Nxe5 Qxe5 16. O-O {was a senseful
alternative: Black can regain the pawn but after} Qxc3 (16... Nxe4 $4 17. Re1
Bf5 18. Bd3) 17. Rc1 Qe5 18. Re1 {White has the better prospects as Black's c7
pawn is weak.}) 14... Qxe5 15. Bxc5 Qxc5 16. Qe2 $6 (16. O-O {was a must. If}
Bg4 (16... Nxe4 17. Bxf7+ Rxf7 18. Nxe4 $16) (16... Rd8 17. Nb3 $1) {then} 17.
Qc1 $1 Rad8 18. Ba2 {, and} Qg5 {is not dangerous in view of} 19. Nc4 $1 {
All this is not easy to find, of course, but understanding that no other move
could be better than castling should have helped Fabiano.}) 16... Re8 17. f3 (
17. O-O {is too late. Black gets a good position, e.g.} Bg4 (17... Bf5 $5) 18.
Qd3 Rad8 19. Nb3 Qg5 20. Nd4 Nxe4 21. f3 Nc5 22. Bxf7+ Kxf7 23. fxg4+ Kg8 $44)
17... Be6 18. Bxe6 (18. Qf2 Qxf2+ 19. Kxf2 Rad8 20. Ke3 Rxd2 21. Bxe6 Rxg2 $15)
18... Rxe6 19. Rc1 Nd7 20. Nb3 Qa3 21. Rb1 Nc5 (21... Qxa4 $5 $13) 22. Nxc5
Qxc5 23. Rd1 f5 24. Rd4 Qxc3+ 25. Qd2 Qa1+ 26. Qd1 Qc3+ 27. Qd2 Qa1+ 28. Qd1
Qc3+ 1/2-1/2

[Event "FRA-chT Top 12"]
[Site "Belfort"]
[Date "2012.06.05"]
[Round "6.3"]
[White "So, Wesley"]
[Black "Krasenkow, Michal"]
[Result "1/2-1/2"]
[WhiteElo "2653"]
[BlackElo "2604"]
[Annotator "Krasenkow,M"]
[PlyCount "66"]
[EventDate "2012.05.31"]
[EventType "team-tourn"]
[EventRounds "11"]
[EventCountry "FRA"]
[SourceTitle "CBM 149"]
[Source "ChessBase"]
[SourceDate "2012.07.17"]
[SourceVersion "1"]
[SourceVersionDate "2012.07.17"]
[SourceQuality "1"]
[WhiteTeam "Clichy Echecs 92"]
[BlackTeam "Chalonnais Echiquier"]
[WhiteTeamCountry "FRA"]
[BlackTeamCountry "FRA"]

1. e4 e5 2. Nf3 Nc6 3. Bb5 Nf6 4. O-O Bc5 5. c3 O-O 6. d4 Bb6 7. Bg5 h6 8. Bh4
d6 9. Re1 {This move is considered less accurate than} (9. Qd3 {or}) (9. a4)
9... exd4 10. cxd4 (10. Bxc6 dxc3 $1 {the point of Black's idea behind 9...
exd4; however, the position remains unclear:} (10... bxc6 $143 11. Nxd4) 11.
Nxc3 bxc6 12. Qa4 Qd7 $5 (12... g5 13. Nxg5 hxg5 14. Bxg5 Bxf2+ 15. Kh1 Bxe1
16. Rxe1 Re8 17. Rf1 Re6 18. Qd4 $44 {1-0 Cabrilo,G (2335)-Gliksman,D (2355)/
Bor 1976/EXT 2010 (76)}) 13. Bxf6 gxf6 14. h3 Kh8 $1 15. Ne2 Rg8 16. Nf4 Bb7
17. Nh4 Rae8 18. Nf5 Kh7 $13 {0-1 Kavalek,L (2545)-Spassky,B (2610)/Solingen
1977/EXT 2002 (24)}) (10. Nxd4 {is harmless now:} Ne5 (10... Nxd4 11. cxd4 c6
12. Ba4 g5 13. Bg3 Nxe4 $1 14. Rxe4 f5 15. Qh5 Kg7 16. Re2 f4 $132 {1/2 Jansa,
V (2480)-Braga,F (2395)/Berlin West 1984/MCD (44)}) 11. Nd2 Ng6 12. Bg3 c6 13.
Bf1 Bg4 14. Qc2 Nh5 15. Nc4 Bc7 16. f3 Nxg3 17. hxg3 Bd7 $11 {0-1 Kononenko,D 
(2485)-Godena,M (2528)/ICC INT 2008/CBM 123 Extra (73)}) 10... Bg4 11. Bxc6
bxc6 12. Nbd2 $5 $146 {An interesting concept. White simply gives up his
d4-pawn in favour of quick development.} (12. Nc3 g5 $1 (12... Bxf3 13. Qxf3 g5
(13... Bxd4 14. e5 $1) 14. Bg3 Bxd4 15. Rad1 $44) 13. Bg3 Nh5 14. d5 (14. Re3
f5 $1) 14... f5 15. exf5 Rxf5 16. dxc6 Qf8 17. Nd5 Bxf3 18. gxf3 Nxg3 19. hxg3
Rxf3 20. Nxb6 axb6 21. Re2 Qf5 $11 {1/2 Agopov,M (2436)-Sulskis,S (2554)/
Kaunas 2010/CBM 138 Extra (61)}) 12... g5 {Black gets rid of the unpleasant
pin.} (12... Bxd4 13. Qc2 $1 c5 14. Nxd4 cxd4 15. f4 $44) 13. Bg3 Bxd4 14. Qc2
Bc5 {With the idea to provoke Nd2-b3. Black doesn't fear 15.e5.} (14... Bb6 15.
Qxc6 Nh5 $5 $13 {was possible, too.}) 15. e5 Nh5 16. Nb3 (16. Ne4 {is harmless
due to} Bf5 $1) 16... Bb6 17. Qxc6 f5 $6 {Attractive, original but wrong!
Black weakens his king too much, and his 18...f4 threat can be successfully
parried.} ({Simple play like} 17... Nxg3 18. hxg3 Re8 {was good enough for
equality but I overestimated my position.}) 18. Qd5+ ({Of course,} 18. exf6
Bxf3 $1 19. Qxf3 Nxg3 20. hxg3 ({or} 20. Re6 Nh5 $1 21. Qxh5 Rxf6) 20... Qxf6
21. Qxf6 Rxf6 22. Re2 Raf8 {etc. was what Black hoped for.}) (18. e6 {was even
worse due to} Qe8 $1 {, and now the 19...f4 threat becomes deadly.}) (18. h3
Bxf3 19. Qxf3 g4 $1 20. hxg4 fxg4 21. Qxg4+ Qg5 22. Qxg5+ hxg5 {is good for
Black, too.}) ({The text move is good enough; however, Black's adventure had a
more decisive refutation:} 18. Nfd4 $1 f4 19. f3 $1 fxg3 (19... dxe5 20. fxg4
Nf6 21. Qc4+ Kh8 22. Bf2 exd4 23. Bxd4 Bxd4+ 24. Nxd4 Nxg4 25. Re6 $36) 20.
fxg4 dxe5 (20... Ng7 21. Qd5+ Kh8 22. e6 $36) 21. gxh5 Bxd4+ 22. Nxd4 Qxd4+ 23.
Kh1 Qd6 24. Qc4+ Rf7 25. Rad1 {, and Black faces difficult defence due to his
numerous weaknesses.}) 18... Kh8 19. Qe6 Kh7 (19... Nf6 $5 {was simpler:} 20.
exf6 Rxf6 21. Qc4 f4 {with a satisfactory position. However, such quiet moves,
putting one's own pieces under the attack of enemy pawns, are very difficult
to find.}) 20. exd6 Bxf3 (20... Ng7 {doesn't work due to the intermediate move}
21. dxc7 $1 Nxe6 (21... Qd3 22. Qd6) 22. cxd8=Q Raxd8 23. Rxe6 f4 24. Re2 Bxf3
25. gxf3 fxg3 26. hxg3 Rxf3 27. Kg2 {, and White keeps a healthy extra pawn.})
21. gxf3 (21. dxc7 $6 Qe8 $1 22. gxf3 Qxe6 23. Rxe6 f4) 21... f4 22. Qe4+ Kh8 (
22... Kg7 $142 23. Nd4 {but Black missed} Qxd6 $1 (23... Bxd4 24. Qxd4+ Nf6 (
24... Qf6 25. Re7+ Kg6 26. Qc4 Ng7 27. Rae1) 25. Re7+ Rf7 26. Rxf7+ Kxf7 27.
Qc4+ Kg7 28. dxc7 {White loses his bishop but gets three pawns and an
excellent position}) 24. Ne6+ Kh8 25. Nxf8 (25. Rad1 $143 fxg3 26. Rxd6 gxf2+
27. Kf1 fxe1=Q+ 28. Kxe1 cxd6 29. Nxf8 Rxf8) (25. Red1 Qe7) 25... Rxf8 26. Red1
$1 (26. Kg2 fxg3 27. hxg3 Bxf2 $1 28. Kxf2 Qxg3+ 29. Ke3 Nf6 $40) 26... Qf6 27.
Rd7 Ng7 {, and it is White who must fight for survival in these complications.
A possible line:} 28. Rc1 $5 fxg3 29. Rc6 $1 gxf2+ 30. Kf1 Qf5 $1 31. Rxh6+ Kg8
32. Qc4+ Rf7 33. Rd8+ Ne8 34. Rxe8+ Kg7 35. Rxb6 $1 Qh3+ 36. Kxf2 Qxf3+ 37. Kg1
Qf2+ 38. Kh1 axb6 39. Qe2 $11) 23. Qg6 Rf6 $6 (23... Qxd6 24. Re6 Qd7 $1 {
looks very dangerous for Black but in fact, he holds his ground:} 25. Rae1 (25.
Kg2 Ng7 26. Qxh6+ Kg8) 25... fxg3 26. hxg3 Qf7 27. Qxh6+ Qh7 28. Qxg5 Rxf3 29.
Re8+ Rf8 30. R1e7 Ng7 {, and White has as a maximum a draw, e.g.} 31. Rxa8 ({or
} 31. Rxg7 Qxg7 32. Qh5+ Kg8 33. Qd5+ $11) 31... Rxa8 32. Qf6 Kg8 33. Qf7+ Kh8
34. Qf6 $11) 24. Qxh5 fxg3 25. hxg3 Qxd6 26. Kg2 {White is now a pawn up
although consolidating his position, especially bringing his b3-knight into
play, is not an easy task.} Raf8 27. Rad1 Qc6 28. Nd2 (28. Rd3 Qc2 $1 29. Rd2
Qc6 $11) 28... Ba5 29. Rh1 $6 $138 (29. Rc1 $1 Qa6 (29... Qd7 30. Ne4 Bxe1 31.
Nxf6 Rxf6 32. Rxe1 $16) 30. Red1 (30. Ne4 {is not so strong now due to} Rxf3)
30... Bxd2 31. Rxd2 Rxf3 32. Rxc7 Qf6 33. Rcc2 {, and White keeps his extra
pawn in a quiet position.}) 29... Kg7 $6 $138 {Both players were under time
pressure already, and the position is quite complicated; hence a lot of
inaccuracies.} (29... Kg8 $1 $11 {It is very important for Black to avoid a
possible check along the 7th rank.}) 30. Rc1 Qe6 31. Rce1 (31. b4 $5 Bb6 32. a4
$36 Qe2 $140 $2 33. Ne4 Qxf3+ 34. Qxf3 Rxf3 35. a5) 31... Qc6 $2 (31... Qf7 {
was a must. The four-rook ending after} 32. Qxf7+ R8xf7 33. Re2 Bxd2 34. Rxd2
Rxf3 35. Rc1 $14 {is unpleasant for Black but now things turn out even worse
for him.}) 32. Rc1 $2 {Fortunately, White doesn't see his luck either and
forces a draw.} (32. Re7+ Kg8 (32... R8f7 33. Rxf7+ Rxf7 34. Nc4 $1 {[%cal
Rc4a5,Rh5f7]} Rf5 35. Qg4 $18 {->}) 33. Ne4 $1 Rxf3 34. Rc1 $1 Qb6 (34... Rxf2+
35. Kh3 Qa6 36. Nxf2 $18) 35. Rd1 $1 R3f7 (35... Rxf2+ {is again useless:} 36.
Nxf2 Qxf2+ 37. Kh3) 36. Rd6 $1 Rxe7 (36... cxd6 37. Qg6+ Kh8 38. Qxh6+ Kg8 39.
Nf6+ Rxf6 40. Qh7#) (36... Qxd6 37. Nxd6 Rxe7 38. Nf5 $1) 37. Rg6+ ({or simply
} 37. Rxb6 Bxb6 38. Qg6+ Rg7 39. Nf6+ Rxf6 40. Qxf6) 37... Rg7 38. Rxh6 Qxh6
39. Qxh6 {with decisive material gains}) 32... Qe6 33. Rce1 Qc6 $2 1/2-1/2